Italian Language Food - Fruit - Statistics

General Stats
  • This quiz has been taken 96 times
  • The average score is 12 of 18
Answer Stats
Hint Answer % Correct
lemon limone
94%
pear pera
94%
lime lime
91%
fruit frutta
89%
melon melone
83%
orange arancia
80%
banana banana
80%
pineapple ananas
77%
strawberries fragole
71%
grapefruit pompelmo
69%
plum prugna
66%
peach pesca
63%
grapes uva
63%
apple mela
57%
blueberries mirtilli
49%
cherries ciliege
46%
watermelon anguria
37%
raspberries lamponi
37%
No matching quizzes found
Score Distribution
Percent of People with Each Score
Percentile by Number Answered
Your Score History
You have not taken this quiz